Транзисторы в SMD исполнении. Hitachi, Nec, Panasonik, Renesas, Rohm, Sanyo, Toshiba

Dades bibliogràfiques
Altres autors: Авраменко Ю. Ф. (составитель)
Idioma:rus
Publicat: Москва, МК-Пресс, 2006
Col·lecció:Справочник
Элементная база
Format: MixedMaterials Llibre
KOHA link:https://koha.lib.tpu.ru/cgi-bin/koha/opac-detail.pl?biblionumber=143388

MARC

LEADER 00000nam1a2200000 4500
001 143388
005 20231031143218.0
035 |a (RuTPU)RU\TPU\book\155386 
035 |a RU\TPU\book\145682 
090 |a 143388 
100 |a 20080328d2006 km y0rusy50 ca 
101 0 |a rus 
102 |a UA 
200 1 |a Транзисторы в SMD исполнении. Hitachi, Nec, Panasonik, Renesas, Rohm, Sanyo, Toshiba  |f сост. Ю. Ф. Авраменко 
210 |a Москва  |c МК-Пресс  |d 2006 
225 1 |a Справочник 
225 1 |a Элементная база 
702 1 |a Авраменко  |b Ю. Ф.  |4 220 
801 1 |a RU  |b 63413507  |c 20080918  |g PSBO 
801 2 |a RU  |b 63413507  |c 20081010  |g PSBO 
942 |c BK